| 000 | 00594cam a2200241 4500 | ||
|---|---|---|---|
| 008 | 090401t1978 xxu||||| |||| 00| 0 eng d | ||
| 020 | _a0117241482 | ||
| 035 | _a(Sirsi) u76513 | ||
| 041 | _aeng | ||
| 050 | _a690 | ||
| 110 | _aBuilding Research Establishment | ||
| 245 | _aTimber fire doors | ||
| 260 |
_aLondon _bHMSO _c1978 |
||
| 300 | _a8p. : ill. ; 30cm. | ||
| 350 | _a0 | ||
| 490 |
_aBRE Digest _v220 |
||
| 650 | _aFIRE DOORS | ||
| 650 | _aFIRE | ||
| 650 | _aTIMBER | ||
| 690 | _aBUILT ENVIRONMENT-BUILDING STANDARDS-FIRE REGULATIONS | ||
| 942 | _n0 | ||
| 948 | _c04/03/1997 | ||
| 999 |
_c96194 _d96194 |
||